| 000 | 004230000a22001810004500 | ||
|---|---|---|---|
| 003 | MACL | ||
| 005 | 20150912163048.0 | ||
| 008 | 150912b xxu||||| |||| 00| 0 eng d | ||
| 040 |
_aMACL _cMACL |
||
| 041 | _aEnglish | ||
| 082 | _a823/DAS | ||
| 100 |
_aDas, Manoj _99967 |
||
| 245 | _aFarevell To a Ghost | ||
| 260 |
_bPenguin Books _c1994 _aNew Delhi |
||
| 350 | _a100 | ||
| 650 |
_aFiction _910540 |
||
| 942 |
_cBK _k823 _2ddc |
||
| 999 |
_c3045 _d3045 |
||